Využitie spektrálnej analýzy signálov na charakterizáciu elektronických prvkov

Salvato in:
Dettagli Bibliografici
Autore principale: Tisovský, Erik (Autore)
Altri autori: Priesol, Juraj (Relatore della tesi)
Natura: Manoscritto Libro
Lingua:slovacco
Pubblicazione: 2018
Soggetti:
Accesso online:http://is.stuba.sk/zp/portal_zp.pl?podrobnosti=137506
Tags: Aggiungi Tag
Nessun Tag, puoi essere il primo ad aggiungerne!!

MARC

LEADER 00000ntm a22000003a 4500
001 stuzp64295
003 SK-STU
005 20181009093405.5
007 ta
008 150427s2015----xo-----f-mn---000-0-slo-d
040 |a STU  |b slo 
041 0 |a slo 
044 |a xo 
100 1 |a Tisovský, Erik  |u 033000  |4 aut  |U FEI Fakulta elektrotechniky a informatiky  |T FEI Ústav elektroniky a fotoniky  |X 72663  |U E030  |Y 549  |7 72663 
242 0 1 |a Spectral analysis of signals for the characterization of electronic components  |y eng 
245 1 0 |a Využitie spektrálnej analýzy signálov na charakterizáciu elektronických prvkov 
260 |c 2018 
300 |a 54 s.,  |b CD-ROM 
650 4 |a frequency transfer function  |2 eng 
650 4 |a electronic noise  |2 eng 
650 4 |a spectrum analysis  |2 eng 
650 4 |a LabVIEW  |2 eng 
650 4 |a frekvenčná prenosová funkcia  |2 slo 
650 4 |a elektronický šum  |2 slo 
650 4 |a spektrálna analýza  |2 slo 
650 4 |a LabVIEW  |2 slo 
700 1 |a Priesol, Juraj  |u 033000  |k Z2  |4 ths  |U FEI Fakulta elektrotechniky a informatiky  |T FEI Ústav elektroniky a fotoniky  |X 28614  |U E030  |Y 549  |7 A000028614 
856 4 |u http://is.stuba.sk/zp/portal_zp.pl?podrobnosti=137506 
996 |b 284EP11811  |c E*DIPL- 11811  |l EE33  |s P  |a 0  |w stuzp64295_0001